| 000 | 00862nam a22002657a 4500 | ||
|---|---|---|---|
| 001 | 7163 | ||
| 003 | FISKH | ||
| 005 | 20250707111658.0 | ||
| 008 | 250630b cb ||||| |||| 00| 0 eng d | ||
| 020 | _a9781740898058 | ||
| 040 |
_aFISKH _beng _cFISKH _dFISKH |
||
| 050 | _aPZ7 | ||
| 082 | _a910.45 | ||
| 100 | _aRyan, Denise | ||
| 245 |
_aPirates : _bTop readers / |
||
| 260 |
_aSydney : _bWeldon Owen, _c2008. |
||
| 300 |
_a24 pages : _bcolor illustrations ; maps ; _c23 cm |
||
| 505 | _a380 | ||
| 520 | _aWhen pirates sailed the seas, they robbed ships for treasure and took their crews as prisoners. A pirates life was exciting, but very dangerous. Pirates who were caught were punished cruelly. | ||
| 521 | 8 |
_a380
_bLexile estimate |
|
| 521 | 8 |
_aG
_bRaz-Plus |
|
| 650 |
_aBlackbeard _vFlags _xShips |
||
| 942 |
_2ddc _cBK _n0 |
||
| 999 |
_c7163 _d7163 |
||